LEADER 01534nam 2200325 n 450 001 996396296203316 005 20200824121240.0 035 $a(CKB)4330000000344668 035 $a(EEBO)2240911141 035 $a(UnM)99845923e 035 $a(UnM)99845923 035 $a(EXLCZ)994330000000344668 100 $a19911011d1549 uh | 101 0 $aeng 135 $aurbn||||a|bb| 200 12$aA proclamacion, set furth by the body and state, of the Kynges Maieiests [sic] priuey Counsayle, concernyng the deuisers, writers, and casters abrode, of certain vile, slaunderous, and moste trayterous letters, billes, scrowes, and papers, tendyng to the seducement of the kynges maiesties good [and] louyng subiectes$b[electronic resource] 210 $a[London] $cR. Grafton Regij impressor excudebat$d[1549] 215 $a1 sheet ([1] p.) 300 $aPublication date from STC. 300 $aReproduction of the original in the Society of Antiquaries. 330 $aeebo-0147 701 $aEdward$cKing of England,$f1537-1553.$01002269 801 0$bCu-RivES 801 1$bCu-RivES 801 2$bCStRLIN 801 2$bWaOLN 906 $aBOOK 912 $a996396296203316 996 $aA proclamacion, set furth by the body and state, of the Kynges Maieiests priuey Counsayle, concernyng the deuisers, writers, and casters abrode, of certain vile, slaunderous, and moste trayterous letters, billes, scrowes, and papers, tendyng to the seducement of the kynges maiesties good and louyng subiectes$92308923 997 $aUNISA LEADER 01447nam a2200349 i 4500 001 991000853539707536 005 20020507102332.0 008 940312s1975 de ||| | eng 035 $ab1013878x-39ule_inst 035 $aLE00637964$9ExL 040 $aDip.to Fisica$bita 084 $a53(06) 084 $a53(082.2) 084 $a53.5.27 084 $a53.5.28 084 $a539.7'54 084 $aQC794.6.C6 111 2 $aSymposium on classical and quantum mechanical aspects of heavy ion collisions$d<1974 ;$cHeidelberg>$0461358 245 10$aClassical and quantum mechanical aspects of heavy ion collisions :$bproceedings of the Symposium held at the Max Planck Institute, Heidelberg, Germany, October 2-4, 1974 /$cedited by H.L. Harney, P. Braun-Munzinger, C.K. Gelbke 260 $aBerlin :$bSpringer-Verlag,$c1975 300 $avii, 311 p. ;$c24 cm. 490 0 $aLecture notes in physics / edited by J. Ehlers...[et al.] ;$v33 650 4$aHeavy-ion collisions$xCongresses 700 1 $aBraun-Munzinger, Peter 700 1 $aGelbke, C.K. 700 1 $aHarney, H.L. 907 $a.b1013878x$b17-02-17$c27-06-02 912 $a991000853539707536 945 $aLE006 53.5.28 HAR$g1$i2006000065719$lle006$o-$pE0.00$q-$rl$s- $t0$u0$v0$w0$x0$y.i10164686$z27-06-02 996 $aClassical and quantum mechanical aspects of heavy ion collisions$9186775 997 $aUNISALENTO 998 $ale006$b01-01-94$cm$da $e-$feng$gde $h0$i1